000 00314nam a2200145Ia 4500
100 _aBhirud/G.N
490 _v1
942 _cBK
654 _aengineering
245 _aEngineering Mathematics
260 _bShree Engineering pub.
_aNew Delhi
_c1993
082 _a519
_bBAP
300 _a443
546 _aENGLISH
999 _c24644
_d24644